| 000 | 00579nam a22001817a 4500 | ||
|---|---|---|---|
| 005 | 20251108164826.0 | ||
| 008 | 250721s1996 xx 000 0 ara d | ||
| 082 | 1 | 4 | _a616.3/عسر |
| 245 | 1 | 0 | _aعسر الهضم و أمراض المعدة / |
| 264 | 1 |
_aالقاهرة : _bالدار الدولية للنشر والتوزيع، _c1996. |
|
| 300 | _a95ص | ||
| 490 | 0 | _aسلسلة الصحة | |
| 650 | 1 | 7 | _aالجهاز الهضمي |
| 650 | 1 | 7 | _aأمراض الجهاز الهضمي |
| 650 | 1 | 7 | _aالإضطرابات الهضمية |
| 942 |
_2ddc _cBK |
||
| 999 |
_c15277 _d15277 |
||